000 01009nam a2200241 a 4500
001 12895
003 BD-JhCC
005 20230601095250.0
008 230601s2022 b |||| |||| 000 0 b d
020 _a9789849040699
035 _a(BD-JhCC)12895
040 _aBD-JhCC
_dBD-JhCC
041 _aeng
082 _a530.11
_bFAR 2022
100 _aফারুকী, নাঈম হোসেন
245 _aচা কফি আর জেনারেল রিলেটিভিটি :
_bস্পেশাল রিলেটিভিটি, মহাকর্ষ, ব্ল্যাকহোল /
_cনাঈম হোসেন ফারুকী
260 _aঢাকা :
_bপ্রান্ত প্রকাশন,
_c২০২২
300 _a৩৮২ পৃ. :
_bচিত্রাবলী,
_c২১ সেমি.
504 _aগ্রন্থপঞ্জি অর্ন্তভূক্ত।
650 _aGeneral relativity (Physics)
650 _aSpace and time
942 _2ddc
_cBK
999 _c12895
_d12895